PR-SOF-2192-Development of an IoT Platform for Condition Monitoring of Industrial Motors (Record no. 592576)
[ view plain ]
| 000 -LEADER | |
|---|---|
| fixed length control field | 00546nam a22001337a 4500 |
| 040 ## - CATALOGING SOURCE | |
| Transcribing agency | NUST |
| 082 ## - DEWEY DECIMAL CLASSIFICATION NUMBER | |
| Classification number | 220 PRO |
| 100 ## - MAIN ENTRY--PERSONAL NAME | |
| Personal name | Muhammad Hamza Sarwar Muhammad Luqman Nasir (DMTS) Noor ul Hassan (DMTS) Syed Wajahat Ali Bukhari (DMTS) |
| 9 (RLIN) | 103979 |
| 110 ## - MAIN ENTRY--CORPORATE NAME | |
| Corporate name or jurisdiction name as entry element | Project Supervisor Dr. Muwahida Liaquat Dr. Muhammad Mubasher Saleem |
| 9 (RLIN) | 103980 |
| 245 ## - TITLE STATEMENT | |
| Title | PR-SOF-2192-Development of an IoT Platform for Condition Monitoring of Industrial Motors |
| 260 ## - PUBLICATION, DISTRIBUTION, ETC. | |
| Place of publication, distribution, etc. | Islamabad: |
| Name of publisher, distributor, etc. | NUST College of EME, |
| Date of publication, distribution, etc. | 2022. |
| 650 ## - SUBJECT ADDED ENTRY--TOPICAL TERM | |
| Topical term or geographic name entry element | DE-ELECT-40 |
| 9 (RLIN) | 103514 |
| 942 ## - ADDED ENTRY ELEMENTS (KOHA) | |
| Source of classification or shelving scheme | |
| Koha item type | Project Report |
| Withdrawn status | Lost status | Source of classification or shelving scheme | Damaged status | Not for loan | Permanent Location | Current Location | Shelving location | Date acquired | Total Checkouts | Full call number | Barcode | Date last seen | Price effective from | Koha item type |
|---|---|---|---|---|---|---|---|---|---|---|---|---|---|---|
| College of Electrical & Mechanical Engineering (CEME) | College of Electrical & Mechanical Engineering (CEME) | Reference | 12/02/2022 | 220 PRO | PR-SOF-2192 | 12/02/2022 | 12/02/2022 | Project Report |
